| 000 | 01866 a2200289 4500 | ||
|---|---|---|---|
| 010 | _aENG-89526 B-454634-638 | ||
| 020 |
_c695.00 _a8178242311 |
||
| 035 | _aEN-73059 B-454634-638 | ||
| 037 | _bDBAD / VEN | ||
| 037 | _bBlue Berry/Ven | ||
| 082 | 1 | 4 | _a270.720954 |
| 100 | 1 |
_aJalal, Ayesha _950842 |
|
| 245 | 1 |
_aPartisans of Allah: _cby Ayesha Jalal _bJihad in South Asia/ |
|
| 260 |
_aRanikhet _bPermanent Black _c2008 |
||
| 260 |
_aNew Delhi _bOrient Longman (Distributor) |
||
| 270 |
_aHimalayana, Mall Road, Ranikhet Cantt _bRanikhet _e263645 _cRanikhet |
||
| 300 |
_axvi, 373p. _c22 cm. (Hb) |
||
| 500 | _aIncludes index | ||
| 942 |
_adpl _cEN _2ddc _h270.720954 _mJAL |
||
| 999 |
_c10796 _d10796 |
||